书目信息 |
| 题名: |
绝美家装设计细部图集
|
|
| 作者: | ;锐扬图书 编 | |
| 分册: | 典雅 | |
| 出版信息: | 福州 福建科学技术出版社 2016.11 |
|
| 页数: | 124页 | |
| 开本: | 29cm | |
| 丛书名: | ||
| 单 册: | ||
| 中图分类: | TU241.02- | |
| 科图分类: | ||
| 主题词: | 住宅--室内装饰设计--图集 | |
| 电子资源: | ||
| ISBN: | 978-7-5335-5184-1 | |
| 000 | 00787nam0 2200241 450 | |
| 001 | 0400004228 | |
| 005 | 20171023160433.0 | |
| 010 | @a978-7-5335-5184-1@dCNY39.80 | |
| 100 | @a20170215d2016 em y0chiy50 ea | |
| 101 | 0 | @achi |
| 102 | @aCN@b350000 | |
| 105 | @aa z 000yy | |
| 106 | @ar | |
| 200 | 1 | @a绝美家装设计细部图集@9jue mei jia zhuang she ji xi bu tu ji@i典雅@f锐扬图书编 |
| 210 | @a福州@c福建科学技术出版社@d2016.11 | |
| 215 | @a124页@d29cm | |
| 300 | @a珍藏版 | |
| 330 | @a本书收录典雅风格的设计案例,包含电视墙、餐厅墙、玄关走廊、顶棚四个局部空间,展现给读者各具特色的细部设计。 | |
| 606 | 0 | @a住宅@x室内装饰设计@j图集 |
| 690 | @aTU241.02-@v5 | |
| 711 | 02 | @a锐扬图书@9rui yang tu shu@4编 |
| 801 | 0 | @aCN@b91MARC@c20171023 |
| 905 | @b1037355-9@dTU241.02-@f5@e1292 | |
| 绝美家装设计细部图集.典雅/锐扬图书编.-福州:福建科学技术出版社,2016.11 |
| 124页;29cm |
| 珍藏版 |
| ISBN 978-7-5335-5184-1:CNY39.80 |
| 本书收录典雅风格的设计案例,包含电视墙、餐厅墙、玄关走廊、顶棚四个局部空间,展现给读者各具特色的细部设计。 |
| ● |
| 相关链接 |
|
|
|
|
正题名:绝美家装设计细部图集
索取号:TU241.02-/1292
 
预约/预借
| 序号 | 登录号 | 条形码 | 馆藏地/架位号 | 状态 | 备注 |
| 1 | 1037355 | 210373558 | 第二样本阅览室/ [索取号:TU241.02-/1292] | 在馆 | |
| 2 | 1037356 | 210373567 | 密集书库-生命科学系/ [索取号:TU241.02-/1292] | 在馆 | |
| 3 | 1037357 | 210373576 | 第三借阅区/ [索取号:TU241.02-/1292] | 在馆 | |
| 4 | 1037358 | 210373585 | 第三借阅区/ [索取号:TU241.02-/1292] | 在馆 | |
| 5 | 1037359 | 210373594 | 第三借阅区/ [索取号:TU241.02-/1292] | 在馆 |